000 00521 a2200169 4500
020 _a817898332X (paperback)
020 _a9788178983325 (paperback)
082 0 4 _a297
090 _c5085
_d5085
100 1 _aAhmed, Hasanuddin.
245 1 2 _aA brief history of islam /
_cHasanuddin Ahmed.
250 _a1st ed.
260 _a[S.l.] :
_bLaurier Books Ltd,
_c2004.
300 _a593 p. ;
_c22 cm.
856 4 0 _3Amazon.com
_uhttp://www.amazon.com/exec/obidos/ASIN/817898332X/chopaconline-20
942 _aNBS
_cBK
_k297.09 AHM
999 _c347507
_d347507